Handbook on environmental aspects of fertilizer use (Record no. 38009)

MARC details
000 -LEADER
fixed length control field 00304nam a2200109Ia 4500
082 ## - DEWEY DECIMAL CLASSIFICATION NUMBER
Classification number 631.81 (035)
Item number HAN
245 #0 - TITLE STATEMENT
Title Handbook on environmental aspects of fertilizer use
260 ## - PUBLICATION, DISTRIBUTION, ETC. (IMPRINT)
Place of publication London
Name of publisher Martinus Nijhoff
Year of publication 1983
650 ## - SUBJECT ADDED ENTRY--TOPICAL TERM
Topical Term Fertilizers
942 ## - ADDED ENTRY ELEMENTS (KOHA)
Koha item type Books
Holdings
Withdrawn status Lost status Damaged status Not for loan Home library Current library Date acquired Full call number Accession Number Koha item type
        RRII Library RRII Library 16/12/2021 631.81 (035) HAN 18377 Books